| 000 | 00613nam a2200145Ia 4500 | ||
|---|---|---|---|
| 008 | 151213s9999 xx 000 0 und d | ||
| 100 | _aমাও: মুহা: জাহাঙ্গীর আলম। | ||
| 245 |
_aমঈনুদ্দীন চিশতী রহ: _cমাও: মুহা: জাহাঙ্গীর আলম। |
||
| 260 |
_aঢাকা _bসোলেমানিয়া বুক হাউস। _c2005 |
||
| 300 | _a10976 p. | ||
| 650 | _aBangla | ||
| 650 | _aইসলামী বই | ||
| 700 | _aমাও: মুহা: জাহাঙ্গীর আলম। | ||
| 999 |
_c4948 _d4948 |
||